<?xml version="1.0" encoding="UTF-8"?>
<resp>
  <nextPage>https://data.bn.org.pl/api/networks/bibs.marcxml?marc=001+b0000005224364&amp;sinceId=5224365</nextPage>
  <collection>
    <record xmlns='http://www.loc.gov/MARC21/slim'><leader>06318ngm a2201561 i 4500</leader><controlfield tag='001'>b0000005224364</controlfield><controlfield tag='005'>20260516081304.0</controlfield><controlfield tag='007'>vd#cvaizq</controlfield><controlfield tag='008'>160606s2017    pl 119       |    mleng  </controlfield><controlfield tag='009'>9910127120405606</controlfield><datafield ind1=' ' ind2=' ' tag='020'><subfield code='a'>9788362347735</subfield></datafield><datafield ind1='4' ind2='1' tag='028'><subfield code='a'>64092D</subfield><subfield code='b'>Imperial CinePix</subfield></datafield><datafield ind1=' ' ind2=' ' tag='035'><subfield code='a'>991048446809705066</subfield></datafield><datafield ind1=' ' ind2=' ' tag='035'><subfield code='a'>(PL-WaBN)b52243643-48omnis_nlop</subfield></datafield><datafield ind1=' ' ind2=' ' tag='035'><subfield code='a'>b52243643</subfield></datafield><datafield ind1=' ' ind2=' ' tag='035'><subfield code='a'>(OCoLC)956619232</subfield></datafield><datafield ind1=' ' ind2=' ' tag='035'><subfield code='a'>(PL)b0000005224364</subfield></datafield><datafield ind1=' ' ind2=' ' tag='040'><subfield code='a'>WA N</subfield><subfield code='c'>WA N</subfield><subfield code='d'>WA N</subfield><subfield code='d'>KIEL W</subfield><subfield code='d'>WA N</subfield></datafield><datafield ind1='1' ind2=' ' tag='041'><subfield code='a'>eng</subfield><subfield code='a'>cze</subfield><subfield code='a'>hun</subfield><subfield code='a'>pol</subfield><subfield code='a'>tur</subfield><subfield code='j'>mul</subfield><subfield code='h'>eng</subfield><subfield code='g'>pol</subfield></datafield><datafield ind1=' ' ind2=' ' tag='046'><subfield code='k'>2015</subfield></datafield><datafield ind1=' ' ind2=' ' tag='080'><subfield code='a'>791.227</subfield></datafield><datafield ind1='0' ind2=' ' tag='130'><subfield code='a'>Joy (film ; 2015)</subfield></datafield><datafield ind1='0' ind2='0' tag='245'><subfield code='a'>Joy /</subfield><subfield code='c'>Fox 2000 Pictures in association with Annapurna Pictures a Davis Entertainment Company / 10 by 10 Entertainment ; produced by John Davis, Ken Mok, Megan Ellison, Jonathan Gordon, David O. Russell ; screenplay by David O. Russell ; directed by David O. Russell.</subfield></datafield><datafield ind1=' ' ind2=' ' tag='260'><subfield code='a'>Warszawa :</subfield><subfield code='b'>Imperial CinePix,</subfield><subfield code='c'>[2017].</subfield></datafield><datafield ind1=' ' ind2=' ' tag='300'><subfield code='a'>1 DVD (119 min) :</subfield><subfield code='b'>dźwiękowy, kolorowy ;</subfield><subfield code='c'>12 cm +</subfield><subfield code='e'>1 booklet.</subfield></datafield><datafield ind1=' ' ind2=' ' tag='306'><subfield code='a'>015900</subfield></datafield><datafield ind1=' ' ind2=' ' tag='336'><subfield code='a'>Obraz ruchomy 2D</subfield><subfield code='b'>tdi</subfield><subfield code='2'>rdacontent</subfield></datafield><datafield ind1=' ' ind2=' ' tag='337'><subfield code='a'>Wideo</subfield><subfield code='b'>v</subfield><subfield code='2'>rdamedia</subfield></datafield><datafield ind1=' ' ind2=' ' tag='338'><subfield code='a'>Płyta wideo</subfield><subfield code='b'>vd</subfield><subfield code='2'>rdacarrier</subfield></datafield><datafield ind1=' ' ind2=' ' tag='380'><subfield code='a'>Filmy i seriale</subfield></datafield><datafield ind1=' ' ind2=' ' tag='386'><subfield code='m'>Przynależność kulturowa</subfield><subfield code='a'>Film amerykański</subfield></datafield><datafield ind1='1' ind2=' ' tag='388'><subfield code='a'>2001-</subfield></datafield><datafield ind1=' ' ind2=' ' tag='500'><subfield code='a'>Booklet zawiera komentarz w języku polskim.</subfield></datafield><datafield ind1=' ' ind2=' ' tag='500'><subfield code='a'>Data wydania na podstawie serwisu e-ISBN.</subfield></datafield><datafield ind1=' ' ind2=' ' tag='508'><subfield code='a'>Muz. David Campbell, West Dylan Thordson ; zdj. Linus Sandgren.</subfield></datafield><datafield ind1='0' ind2=' ' tag='511'><subfield code='a'>Jennifer Lawrence, Robert De Niro, Bradley Cooper, Edgar Ramirez, Diane Ladd, Virginia Madsen, Isabella Rossellini, Dasha Polanco, Elisabeth Rohm, Susan Lucci, Laura Wright, Maurice Benard, Donna Mills, Jimmy Jean-Louis, Ken Howard, Ray De La Paz, John Enos, Marianne Leone, Melissa Rivers, Drena De Niro.</subfield></datafield><datafield ind1=' ' ind2=' ' tag='538'><subfield code='a'>Dźwięk: Dolby Digital 5.1; obraz: 1.85:1.</subfield></datafield><datafield ind1=' ' ind2=' ' tag='546'><subfield code='a'>Ścieżka dźwiękowa angielska, polska, czeska, turecka, węgierska, napisy w wielu językach.</subfield></datafield><datafield ind1=' ' ind2=' ' tag='586'><subfield code='a'>Złoty Glob 2016 Najlepsza aktorka w komedii lub musicalu Jennifer Lawrence</subfield></datafield><datafield ind1=' ' ind2='7' tag='655'><subfield code='a'>Film biograficzny</subfield><subfield code='2'>DBN</subfield></datafield><datafield ind1=' ' ind2='7' tag='655'><subfield code='a'>Film fabularny</subfield><subfield code='2'>DBN</subfield></datafield><datafield ind1=' ' ind2='7' tag='655'><subfield code='a'>Komediodramat</subfield><subfield code='2'>DBN</subfield></datafield><datafield ind1='1' ind2=' ' tag='700'><subfield code='a'>Davis, John</subfield><subfield code='e'>Produkcja</subfield></datafield><datafield ind1='1' ind2=' ' tag='700'><subfield code='a'>Ellison, Megan</subfield><subfield code='e'>Produkcja</subfield></datafield><datafield ind1='1' ind2=' ' tag='700'><subfield code='a'>De Niro, Drena</subfield><subfield code='e'>Wykonanie</subfield></datafield><datafield ind1='1' ind2=' ' tag='700'><subfield code='a'>Rivers, Melissa</subfield><subfield code='d'>(1969- )</subfield><subfield code='e'>Wykonanie</subfield></datafield><datafield ind1='1' ind2=' ' tag='700'><subfield code='a'>Leone, Marianne</subfield><subfield code='d'>(1952- )</subfield><subfield code='e'>Wykonanie</subfield></datafield><datafield ind1='1' ind2=' ' tag='700'><subfield code='a'>Enos, John</subfield><subfield code='d'>(1962- )</subfield><subfield code='e'>Wykonanie</subfield></datafield><datafield ind1='1' ind2=' ' tag='700'><subfield code='a'>Paz, Ray de la</subfield><subfield code='e'>Wykonanie</subfield></datafield><datafield ind1='1' ind2=' ' tag='700'><subfield code='a'>Howard, Ken</subfield><subfield code='d'>(1944-2016)</subfield><subfield code='e'>Wykonanie</subfield></datafield><datafield ind1='1' ind2=' ' tag='700'><subfield code='a'>Jean-Louis, Jimmy</subfield><subfield code='d'>(1968- )</subfield><subfield code='e'>Wykonanie</subfield></datafield><datafield ind1='1' ind2=' ' tag='700'><subfield code='a'>Mills, Donna</subfield><subfield code='d'>(1940- )</subfield><subfield code='e'>Wykonanie</subfield></datafield><datafield ind1='1' ind2=' ' tag='700'><subfield code='a'>Benard, Maurice</subfield><subfield code='d'>(1963- )</subfield><subfield code='e'>Wykonanie</subfield></datafield><datafield ind1='1' ind2=' ' tag='700'><subfield code='a'>Wright, Laura</subfield><subfield code='d'>(1970- )</subfield><subfield code='e'>Wykonanie</subfield></datafield><datafield ind1='1' ind2=' ' tag='700'><subfield code='a'>Gordon, Jonathan</subfield><subfield code='e'>Produkcja</subfield></datafield><datafield ind1='1' ind2=' ' tag='700'><subfield code='a'>Mok, Ken</subfield><subfield code='d'>(1960- )</subfield><subfield code='e'>Produkcja</subfield></datafield><datafield ind1='1' ind2=' ' tag='700'><subfield code='a'>Russell, David O.</subfield><subfield code='d'>(1958- )</subfield><subfield code='e'>Produkcja</subfield><subfield code='e'>Reżyseria</subfield><subfield code='e'>Scenariusz</subfield></datafield><datafield ind1='1' ind2=' ' tag='700'><subfield code='a'>Lawrence, Jennifer</subfield><subfield code='d'>(1990- )</subfield><subfield code='e'>Wykonanie</subfield></datafield><datafield ind1='1' ind2=' ' tag='700'><subfield code='a'>De Niro, Robert</subfield><subfield code='d'>(1943- )</subfield><subfield code='e'>Wykonanie</subfield></datafield><datafield ind1='1' ind2=' ' tag='700'><subfield code='a'>Cooper, Bradley</subfield><subfield code='d'>(1975- )</subfield><subfield code='e'>Wykonanie</subfield></datafield><datafield ind1='1' ind2=' ' tag='700'><subfield code='a'>Lucci, Susan</subfield><subfield code='d'>(1946- )</subfield><subfield code='e'>Wykonanie</subfield></datafield><datafield ind1='1' ind2=' ' tag='700'><subfield code='a'>Rohm, Elisabeth</subfield><subfield code='d'>(1973- )</subfield><subfield code='e'>Wykonanie</subfield></datafield><datafield ind1='1' ind2=' ' tag='700'><subfield code='a'>Polanco, Dasha</subfield><subfield code='e'>Wykonanie</subfield></datafield><datafield ind1='1' ind2=' ' tag='700'><subfield code='a'>Madsen, Virginia</subfield><subfield code='d'>(1961- )</subfield><subfield code='e'>Wykonanie</subfield></datafield><datafield ind1='1' ind2=' ' tag='700'><subfield code='a'>Ramírez, Édgar</subfield><subfield code='d'>(1977- )</subfield><subfield code='e'>Wykonanie</subfield></datafield><datafield ind1='1' ind2=' ' tag='700'><subfield code='a'>Ladd, Diane</subfield><subfield code='d'>(1932-2025)</subfield><subfield code='e'>Wykonanie</subfield></datafield><datafield ind1='1' ind2=' ' tag='700'><subfield code='a'>Rossellini, Isabella</subfield><subfield code='d'>(1952- )</subfield><subfield code='e'>Wykonanie</subfield></datafield><datafield ind1='2' ind2=' ' tag='710'><subfield code='a'>Annapurna Pictures</subfield><subfield code='e'>Produkcja</subfield></datafield><datafield ind1='2' ind2=' ' tag='710'><subfield code='a'>10 by 10 Entertainment</subfield><subfield code='e'>Produkcja</subfield></datafield><datafield ind1='2' ind2=' ' tag='710'><subfield code='a'>Davis Entertainment</subfield><subfield code='e'>Produkcja</subfield></datafield><datafield ind1='2' ind2=' ' tag='710'><subfield code='a'>Imperial CinePix</subfield><subfield code='e'>Wydawca</subfield><subfield code='4'>pbl</subfield></datafield><datafield ind1='2' ind2=' ' tag='710'><subfield code='a'>Fox Entertainment Group</subfield><subfield code='e'>Produkcja</subfield></datafield><datafield ind1=' ' ind2=' ' tag='852'><subfield code='8'>22438393140005066</subfield><subfield code='j'>1</subfield><subfield code='h'>Fon.DVD.63.383 A</subfield><subfield code='b'>BN_PL</subfield><subfield code='p'>777i50958483</subfield><subfield code='c'>bnag_a</subfield></datafield><datafield ind1=' ' ind2=' ' tag='852'><subfield code='8'>2277469320007662</subfield><subfield code='j'>1</subfield><subfield code='b'>29</subfield><subfield code='p'>5000058130</subfield><subfield code='c'>29</subfield></datafield><datafield ind1=' ' ind2=' ' tag='852'><subfield code='8'>2277469300007662</subfield><subfield code='j'>1</subfield><subfield code='b'>58</subfield><subfield code='p'>5000058600</subfield><subfield code='c'>58</subfield></datafield><datafield ind1=' ' ind2=' ' tag='852'><subfield code='8'>22438393160005066</subfield><subfield code='j'>1</subfield><subfield code='h'>Fon.DVD.63.384</subfield><subfield code='b'>BN_PL</subfield><subfield code='p'>777i50958458</subfield><subfield code='c'>bnag</subfield></datafield><datafield ind1=' ' ind2=' ' tag='852'><subfield code='8'>2277469370007662</subfield><subfield code='j'>0</subfield><subfield code='b'>22</subfield><subfield code='p'>5000058541</subfield><subfield code='c'>U22</subfield></datafield><datafield ind1=' ' ind2=' ' tag='852'><subfield code='b'>48OMNIS_KUT</subfield><subfield code='8'>991000932949707768</subfield></datafield><datafield ind1=' ' ind2=' ' tag='852'><subfield code='8'>228457490007768</subfield><subfield code='j'>0</subfield><subfield code='b'>KUT_1_BG</subfield><subfield code='p'>DV02905</subfield><subfield code='c'>6309</subfield></datafield><datafield ind1=' ' ind2=' ' tag='852'><subfield code='8'>228457490007768</subfield><subfield code='j'>1</subfield><subfield code='b'>KUT_1_BG</subfield><subfield code='p'>DV03100</subfield><subfield code='c'>6309</subfield></datafield><datafield ind1=' ' ind2=' ' tag='852'><subfield code='8'>2225148560007766</subfield><subfield code='j'>1</subfield><subfield code='b'>F7_ZAM_1</subfield><subfield code='p'>10301610</subfield><subfield code='c'>ZAM1_F7_M</subfield><subfield code='z'>765fm</subfield></datafield><datafield ind1=' ' ind2=' ' tag='852'><subfield code='b'>48OMNIS_NETWORK</subfield><subfield code='8'>9910127120405606</subfield></datafield><datafield ind1=' ' ind2=' ' tag='852'><subfield code='b'>48OMNIS_MBP</subfield><subfield code='8'>990002884170207662</subfield></datafield><datafield ind1=' ' ind2=' ' tag='852'><subfield code='b'>48OMNIS_NLOP</subfield><subfield code='8'>991048446809705066</subfield></datafield><datafield ind1=' ' ind2=' ' tag='852'><subfield code='b'>48OMNIS_ZAM</subfield><subfield code='8'>991003868594207766</subfield></datafield><datafield ind1=' ' ind2=' ' tag='852'><subfield code='8'>2277469450007662</subfield><subfield code='j'>1</subfield><subfield code='b'>11</subfield><subfield code='p'>5000059100</subfield><subfield code='c'>11</subfield></datafield><datafield ind1=' ' ind2=' ' tag='852'><subfield code='8'>2277469340007662</subfield><subfield code='j'>1</subfield><subfield code='b'>23</subfield><subfield code='p'>5000058192</subfield><subfield code='c'>23</subfield></datafield><datafield ind1=' ' ind2=' ' tag='852'><subfield code='8'>2278257390005068</subfield><subfield code='j'>1</subfield><subfield code='h'>F/bio</subfield><subfield code='b'>WBP-KIELCE</subfield><subfield code='p'>410873</subfield><subfield code='c'>MEDIA</subfield></datafield><datafield ind1=' ' ind2=' ' tag='852'><subfield code='8'>2277469410007662</subfield><subfield code='j'>1</subfield><subfield code='b'>18</subfield><subfield code='p'>5000058739</subfield><subfield code='c'>18</subfield></datafield><datafield ind1=' ' ind2=' ' tag='852'><subfield code='b'>48OMNIS_RPL</subfield><subfield code='8'>991003743797205068</subfield></datafield><datafield ind1=' ' ind2=' ' tag='920'><subfield code='a'>978-83-62347-73-5</subfield></datafield></record>
  </collection>
</resp>
